SNL Cast Members with Most Seasons - Statistics

General Stats
  • This quiz has been taken 217 times
  • The average score is 5 of 15
Answer Stats
Hint Answer % Correct
11 Kenan Thompson
63%
13 Seth Meyers
52%
10 Tim Meadows
52%
11 Fred Armisen
38%
8 Phil Hartman
37%
8 Amy Poehler
36%
8 Bill Hader
36%
8 Maya Rudolph
27%
8 Will Forte
25%
9 Kevin Nealon
24%
8 Chris Parnell
22%
9 Jason Sudeikis
21%
11 Al Franken
20%
14 Darell Hammond
19%
8 Horatio Sanz
17%
No matching quizzes found
Score Distribution
Percent of People with Each Score
Percentile by Number Answered
Your Score History
You have not taken this quiz